Guatemala's REMHI project: memory from below /
Salvato in:
| Autore principale: | |
|---|---|
| Natura: | testo |
| Soggetti: | |
| Tags: |
Aggiungi Tag
Nessun Tag, puoi essere il primo ad aggiungerne!!
|
MARC
| LEADER | 00000 a a2200000 04500 | ||
|---|---|---|---|
| 001 | 9921 | ||
| 003 | |||
| 040 | |||
| 100 | |a Ogle, Kathy | ||
| 245 | |a Guatemala's REMHI project: memory from below / |c Kathy Ogle | ||
| 650 | |a GUERRA CIVIL | ||
| 650 | |a VIOLENCIA | ||
| 650 | |a CORRUPCION | ||
| 650 | |a POLITICA | ||
| 650 | |a ESTADO | ||
| 650 | |a VICTIMAS | ||
| 650 | |a DERECHOS HUMANOS | ||
| 773 | |g volumen 32, número 2; páginas 33-34 | ||
| 999 | |c 36355 |d 36355 | ||
